000 00871nas a2200265 4500
001 BR0704504
003 BR-BrBNA
005 20231205111130.0
007 ta
008 230509b bl.|||p| |||| 00| 00por d
040 _aBR-BrBNA
_bpor
_cBiblioteca Nacional de Agricultura
041 _a(Pt)
072 _aL72
100 1 _aCavalcanti, E.T.S.
100 1 _aPavanelli, G.C.
100 1 _aChellappa, S.
100 1 _aTakemoto, R.M.
245 1 _aOcorrência de Ergasilus versicolor e E.lizae (Copepoda:Ergasilidae)na tainha, Mugil curema (Osteichthyes: Mugilidae)em Ponta Negra, Natal, Rio Grande do Norte
650 _aPRAGA DE ANIMAIS
650 _aCOPEPODA
650 _aTAINHA
773 0 _tArquivos de Ciências do Mar (Brazil)
_xISSN 0374-5686
_g(2005), v. 38 p. 131-134
_wBR0704504
909 _a202311
_bLúcia
_c55
_dLúcia Elande
942 _2AGRIS
_n0
_cANA
999 _c190863
_d190863